01326nam a22002777a 4500003000400000005001700004008003800021040002500059082002300084100004500107245008100152260003900233300002100272500006300293590002700356590006800383650002400451650002600475700004300501910004700544942001400591952013800605952014400743952014400887999001701031OSt20240305140451.0100322s2016 dr 000 0 spa d aDO-SdBNPbspacBNPHU 4aRD863.5 bE56r2221 aEncarnación, Eligio Ant.937920d1952-10aRelatos de parafilias /cEligio Ant. Encarnación ; prólogo Wilfredo Mora aSanto Domingo :bComputhen,c2016. a124 p. :c21 cm. aIncluye datos biográficos del autor en la contraportada. aInventariado, 2021/ YL aLa biblioteca posee un (1) ejemplar autografiado por el autor.  4aCuentos dominicanos 4aLiteratura dominicana12aMora, Wilfredo,d1965-epról.912701 aYLOCKWARD/Validado. Control de calidad MFF 2ddccLBS1 00102ddc53708PDaBNPHUbBNPHUcHDd2017-05-09eDepósito Legal oBNPHU PD RD863.5 E56rp2021-1247r2021-03-25w2021-03-25yLBS1 00102ddc53708PDaBNPHUbBNPHUcHDd2017-05-09eDepósito Legal oBNPHU PD RD863.5 E56rp2021-1248r2021-03-25te. 2w2021-03-25yLBS1 00102ddc56708DSaBNPHUbBNPHUcHDd2017-05-09eDepósito Legal oBNPHU DS RD863.5 E56rp2021-1249r2021-03-25te. 3w2021-03-25yLBS1 c49689d49689